Normal view
MARC view
- Supervisor : Dr. Saima Zafar
Entry Personal Name
001 - CONTROL NUMBER
- control field: 122351
003 - CONTROL NUMBER IDENTIFIER
- control field: NUST
005 - DATE AND TIME OF LATEST TRANSACTION
- control field: 20240417120457.0
008 - FIXED-LENGTH DATA ELEMENTS
- fixed length control field: 240417|| aca||aabn | a|a d
040 ## - CATALOGING SOURCE
- Original cataloging agency: NUST
- Transcribing agency: NUST
100 ## - HEADING--PERSONAL NAME
- Personal name: Supervisor : Dr. Saima Zafar
670 ## - SOURCE DATA FOUND
- Source citation: Work cat.: (NUST): Awan ,Mawara Farooq 122350, Dysfunctional Glucose Metabolism and Progression of Alzheimer's disease. /
